[Event "Borisoglebsk Bocharov Memorial"]
[Site "Borisoglebsk"]
[Date "2011.04.03"]
[Round "4"]
[White "Zemlyansky, Dmitri"]
[Black "Titov, Sergey"]
[Result "1-0"]
[WhiteElo "2292"]
[BlackElo "1995"]
[PlyCount "31"]
[EventDate "2011.03.31"]
[EventType "swiss"]
[EventRounds "9"]
[EventCountry "RUS"]
[SourceTitle "CBM 141 Extra"]
[Source "ChessBase"]
[SourceDate "2011.05.03"]
[SourceVersion "1"]
[SourceVersionDate "2011.05.03"]
[SourceQuality "1"]

1. Nf3 Nf6 2. d4 d5 3. c4 e6 4. Nc3 Bb4 5. Qa4+ Nc6 6. Ne5 Bd7 7. Nxc6 Bxc3+ 8. bxc3 Bxc6 9. Qb3 0-0 10. f3 Re8 11. Bg5 dxc4 12. Qxc4 Qd5 13. Qxd5 exd5 14. Bxf6 gxf6 15. Kd2 a5 16. Rb1 1-0

[Event "Volgograd Region-ch"]
[Site "Volgograd"]
[Date "2010.03.07"]
[Round "9"]
[White "Markov, Alexander"]
[Black "Zemlyansky, Dmitri"]
[Result "1/2-1/2"]
[WhiteElo "2221"]
[BlackElo "2254"]
[PlyCount "52"]
[EventDate "2010.02.28"]
[EventType "swiss"]
[EventRounds "9"]
[EventCountry "RUS"]
[SourceTitle "EXT 2012"]
[Source "ChessBase"]
[SourceDate "2011.11.24"]
[SourceVersion "1"]
[SourceVersionDate "2011.11.24"]
[SourceQuality "1"]

1. c4 Nf6 2. g3 g6 3. Bg2 Bg7 4. Nc3 0-0 5. e3 e5 6. Nge2 c6 7. d4 exd4 8. Nxd4 d5 9. cxd5 Nxd5 10. Nxd5 cxd5 11. Bd2 Bxd4 12. exd4 Nc6 13. 0-0 Re8 14. Be3 Bf5 15. Qd2 Be4 16. Bh6 Qa5 17. Qxa5 Nxa5 18. Rac1 Nc4 19. b3 Nd6 20. Bf4 Nf5 21. Be5 Re6 22. Rc7 f6 23. Bf4 Rc6 24. Rxc6 bxc6 25. Rc1 Rc8 26. Bxe4 dxe4 1/2-1/2

[Event "Volgograd Christmas op"]
[Site "Volgograd"]
[Date "2010.01.08"]
[Round "6"]
[White "Zemlyansky, Dmitri"]
[Black "Pronin, Vladimir"]
[Result "1-0"]
[WhiteElo "2254"]
[BlackElo "2082"]
[PlyCount "59"]
[EventDate "2010.01.03"]
[EventType "swiss"]
[EventRounds "9"]
[EventCountry "RUS"]
[SourceTitle "CBM 134 Extra"]
[Source "ChessBase"]
[SourceDate "2010.03.03"]
[SourceVersion "1"]
[SourceVersionDate "2010.03.03"]
[SourceQuality "1"]

1. d4 d5 2. Nf3 c5 3. dxc5 Na6 4. e4 Nf6 5. Bb5+ Bd7 6. Bxa6 dxe4 7. Bxb7 exf3 8. c6 Bg4 9. Qxd8+ Rxd8 10. c7 Rd1+ 11. Kxd1 fxg2+ 12. Ke1 gxh1Q+ 13. Bxh1 Kd7 14. Bf4 e5 15. Bxe5 Bb4+ 16. c3 Ba5 17. f3 Bf5 18. Kf2 Bxc7 19. Bxc7 Kxc7 20. Nd2 Rd8 21. Ke3 Re8+ 22. Ne4 Bxe4 23. fxe4 Ng4+ 24. Kf4 Nxh2 25. Rg1 g6 26. Rg2 Nf1 27. Rf2 g5+ 28. Kxg5 Ng3 29. Rxf7+ Kb6 30. Rxh7 1-0

[Event "Elista Chess Master 6th "]
[Site "Elista"]
[Date "2006.06.15"]
[Round "9"]
[White "Zemlyansky, Dmitri"]
[Black "Utnasunov, Alexander"]
[Result "0-1"]
[WhiteElo "2252"]
[BlackElo "2423"]
[PlyCount "60"]
[EventDate "2006.06.10"]
[EventType "tourn"]
[EventRounds "11"]
[EventCountry "RUS"]
[SourceTitle "EXT 2008"]
[Source "ChessBase"]
[SourceDate "2007.11.25"]
[SourceVersion "1"]
[SourceVersionDate "2007.11.25"]
[SourceQuality "1"]

1. e4 c5 2. Nf3 d6 3. d4 Nf6 4. Nc3 cxd4 5. Nxd4 g6 6. Be3 Bg7 7. f3 0-0 8. Qd2 d5 9. e5 Ne8 10. f4 f6 11. Nf3 fxe5 12. Nxe5 Nc6 13. Qxd5+ Qxd5 14. Nxd5 Nxe5 15. fxe5 e6 16. Nf4 Bxe5 17. Nd3 Bg7 18. 0-0-0 b6 19. Re1 Nd6 20. Bf4 Nf5 21. Bd2 Rd8 22. Rg1 Bb7 23. c3 Rac8 24. Nf4 Rxd2 25. Kxd2 e5 26. Nd3 Bh6+ 27. Ke2 e4 28. Ne5 Bf4 29. g4 Nh4 30. Nd7 Nf3 0-1

[Event "Elista Chess Master 6th "]
[Site "Elista"]
[Date "2006.06.13"]
[Round "5"]
[White "Vorontsov, Nikolay"]
[Black "Zemlyansky, Dmitri"]
[Result "1/2-1/2"]
[WhiteElo "2300"]
[BlackElo "2252"]
[PlyCount "136"]
[EventDate "2006.06.10"]
[EventType "tourn"]
[EventRounds "11"]
[EventCountry "RUS"]
[SourceTitle "EXT 2008"]
[Source "ChessBase"]
[SourceDate "2007.11.25"]
[SourceVersion "1"]
[SourceVersionDate "2007.11.25"]
[SourceQuality "1"]

1. e4 e5 2. Nf3 Nf6 3. Nxe5 d6 4. Nf3 Nxe4 5. Qe2 Qe7 6. d3 Nf6 7. Bg5 Nbd7 8. Nc3 h6 9. Bh4 g5 10. Bg3 Bg7 11. 0-0-0 Qxe2 12. Bxe2 Nh5 13. Nd5 Kd8 14. Ne3 Nc5 15. Nd2 Nxg3 16. hxg3 f5 17. g4 f4 18. Nf5 Bxf5 19. gxf5 d5 20. g3 fxg3 21. fxg3 Rf8 22. g4 Ke7 23. Bf3 Kd6 24. Rhe1 Rae8 25. Nc4+ Kc6 26. Ne3 Na4 27. c3 Nb6 28. Nxd5 Nxd5 29. c4 Kc5 30. Bxd5 c6 31. Be6 Rd8 32. Re4 a5 33. Kc2 Rd6 34. b3 Rfd8 35. a3 Rd4 36. Rxd4 Rxd4 37. b4+ axb4 38. axb4+ Kd6 39. Rg1 Rf4 40. Rg2 Rf1 41. Re2 Rf4 42. Bc8 Be5 43. c5+ Kd5 44. Bxb7 Rxb4 45. Bxc6+ Kxc6 46. Rxe5 Rxg4 47. Kc3 Rf4 48. d4 g4 49. Kc4 h5 50. Re6+ Kd7 51. c6+ Kc7 52. Kc5 g3 53. d5 g2 54. d6+ Kb8 55. Re1 Rf1 56. Re8+ Ka7 57. Rg8 Rxf5+ 58. Kb4 Rf4+ 59. Kb5 Rg4 60. Rxg4 hxg4 61. d7 g1Q 62. d8Q Qb1+ 63. Kc5 Qc2+ 64. Kd6 Qd2+ 65. Kc7 Qa5+ 66. Kc8 Qa6+ 67. Kd7 Qd3+ 68. Kc7 Qg3+ 1/2-1/2

[Event "Elista Chess Master 6th "]
[Site "Elista"]
[Date "2006.06.12"]
[Round "4"]
[White "Zemlyansky, Dmitri"]
[Black "Erendzhenov, Stanislav"]
[Result "0-1"]
[WhiteElo "2252"]
[BlackElo "2366"]
[PlyCount "78"]
[EventDate "2006.06.10"]
[EventType "tourn"]
[EventRounds "11"]
[EventCountry "RUS"]
[SourceTitle "EXT 2008"]
[Source "ChessBase"]
[SourceDate "2007.11.25"]
[SourceVersion "1"]
[SourceVersionDate "2007.11.25"]
[SourceQuality "1"]

1. e4 c5 2. Nf3 d6 3. d4 cxd4 4. Nxd4 Nf6 5. Nc3 g6 6. Be3 Bg7 7. f3 Nc6 8. Qd2 h5 9. 0-0-0 Bd7 10. Bc4 Rc8 11. Bb3 Na5 12. Kb1 Nc4 13. Bxc4 Rxc4 14. h3 h4 15. Rhe1 Rh5 16. Nde2 Ra5 17. Nd5 Nxd5 18. exd5 Bf5 19. Rc1 Rca4 20. Nc3 Bxc3 21. Qxc3 Rxa2 22. b3 Ra1+ 23. Qxa1 Rxa1+ 24. Kxa1 Qa5+ 25. Kb2 Qxd5 26. Rcd1 Qc6 27. Rd2 a5 28. Bg5 Be6 29. Re4 b5 30. Bxh4 a4 31. g4 Qc5 32. Be1 Bd5 33. Red4 Bxf3 34. Bf2 Qc6 35. h4 f6 36. Be1 Kf7 37. Rf2 e5 38. Rb4 Ke6 39. Bc3 a3+ 0-1